000
00194nam a22000857a 4500
999
_c
23740
_d
23740
005
20250212123744.0
008
250212b ||||| |||| 00| 0 eng d
040
_c
sk
245
_a
Tvorivá spoločnosť